000 00412nam a2200133 i 4500
001 bg
100 1 _aSZUL-SKPELDKRONA, Krzysztof.
245 0 _aZastosowanie elektronicznych maszyn cyfrowych w procesach wyszukiwania informacji i przetwarzania danych /
_cKrzysztof Szul-Skpeldkrona.
260 _aWarszawa,
_c1972.
040 _cBPK
041 _apol
942 _cKS
008 s pl f |000 0 pol
999 _c27081
_d27081
856 _uhttp://koha.tu.koszalin.pl/cgi-bin/koha/opac-detail.pl?biblionumber=27081
_yKatalog online BPK